| 000 -LEADER |
| fixed length control field |
00495 a2200181 4500 |
| 003 - CONTROL NUMBER IDENTIFIER |
| control field |
OSt |
| 005 - DATE AND TIME OF LATEST TRANSACTION |
| control field |
20231117124136.0 |
| 008 - FIXED-LENGTH DATA ELEMENTS--GENERAL INFORMATION |
| fixed length control field |
231117b ||||| |||| 00| 0 eng d |
| 020 ## - INTERNATIONAL STANDARD BOOK NUMBER |
| International Standard Book Number |
9788862423571 |
| 040 ## - CATALOGING SOURCE |
| Original cataloging agency |
BMSCA |
| 041 ## - LANGUAGE CODE |
| Language code of text/sound track or separate title |
eng. |
| 082 ## - DEWEY DECIMAL CLASSIFICATION NUMBER |
| Edition number |
23 |
| Classification number |
720 |
| Item number |
POT |
| 100 ## - MAIN ENTRY--PERSONAL NAME |
| Personal name |
Kobe, Jurij |
| 245 ## - TITLE STATEMENT |
| Title |
Ljubljana, A City By Heart: Joze Plecnik'S Legacy And Contemporary Architecture |
| 260 ## - PUBLICATION, DISTRIBUTION, ETC. (IMPRINT) |
| Name of publisher, distributor, etc |
Lettera Ventidue Edizione: |
| Date of publication, distribution, etc |
2020, |
| 300 ## - PHYSICAL DESCRIPTION |
| Extent |
159P.; |
| Dimensions |
17.2 x 1.5 x 24.3 cm |
| 942 ## - ADDED ENTRY ELEMENTS (KOHA) |
| Source of classification or shelving scheme |
|